000 00555cam a22002171 4500
001 sa 68006152
003 DLC
005 20260227112514.0
008 810807s1967 xx 000 0 benr
010 _asa 68006152
035 _a(OCoLC)16763764
040 _aDLC
_cOrPS
_dDLC
042 _apremarc
050 0 0 _aPN1998.A2
_bD8
100 1 _aDutta, Prabhat Kumar,
_d1926-
245 1 0 _aCalcitrā smaraṇīẏa srashṭā.
260 _a[n.p.]
_c[1967]
300 _a87 p.
_c23 cm.
500 _aRomanized.
650 0 _aMotion pictures
_vBiography.
999 _c81127
_d81127